East Africa through a thousand years: a history of the years AD 1000 to the present day / (Record no. 921)

000 -LEADER
fixed length control field 01457nam a22002177a 4500
003 - CONTROL NUMBER IDENTIFIER
control field OSt
005 - DATE AND TIME OF LATEST TRANSACTION
control field 20140116120841.0
008 - FIXED-LENGTH DATA ELEMENTS--GENERAL INFORMATION
fixed length control field 120524t xxu||||| |||| 00| 0 eng d
020 ## - INTERNATIONAL STANDARD BOOK NUMBER
International Standard Book Number 0237507226
040 ## - CATALOGING SOURCE
Language of cataloging English
050 ## - LIBRARY OF CONGRESS CALL NUMBER
Classification number TP: DT431.W47 1984
100 ## - MAIN ENTRY--PERSONAL NAME
Personal name Were, Gideon S.
245 ## - TITLE STATEMENT
Title East Africa through a thousand years: a history of the years AD 1000 to the present day /
Statement of responsibility, etc Gideon were and Derek Wilson.
260 ## - PUBLICATION, DISTRIBUTION, ETC. (IMPRINT)
Place of publication, distribution, etc Nairobi
Name of publisher, distributor, etc Evans brothers limited
Date of publication, distribution, etc 1984
300 ## - PHYSICAL DESCRIPTION
Extent Xv.;238p.
Other physical details ill.
501 ## - WITH NOTE
With note Includes revision notes and index
505 ## - FORMATTED CONTENTS NOTE
Formatted contents note Dhows and Mosques: The coast, 1000 to 1500---Cannons and Carracks: the Coast, 1500 to 1700---Growth of kingdoms: the interlacustrine region, 1000 to 1800---Herders and farmers: the western Area, 1000 to1880---Mountains and plains: other pastrol peoples 1000 to 1894---Eastern farmers: the eastern bantu, 1000 to 1850---The island of war and the princes of Oman: the coast 1700 to1856---Ivory and Slaves: Trade in East Africa 1800 to 1876---Near and far: East Africa and Europe, 1844 to 1884---power politics and partition, 1880 to 1895---Impact and recoil: colonial and African Politics, 1890 to 1920---the old and the new: Economic development, 1900 to 1920---Ups and downs: economic and political development, 1921 to 1945---Freedom and Unity: the path to independence 1945 to 1963---Nation building.
650 ## - SUBJECT ADDED ENTRY--TOPICAL TERM
Topical term or geographic name as entry element History
Geographic subdivision East Africa.
700 ## - ADDED ENTRY--PERSONAL NAME
Personal name Wilson, Derek A.
942 ## - ADDED ENTRY ELEMENTS (KOHA)
Source of classification or shelving scheme
Koha item type Book
Holdings
Withdrawn status Lost status Source of classification or shelving scheme Damaged status Not for loan Home library Current library Shelving location Date acquired Total Checkouts Total Renewals Full call number Barcode Date last seen Date checked out Copy number Price effective from Koha item type
          Riara University Library Riara University Library Short Loan 24/05/2012 25 1 TP: DT431.W47 1984 3184/11 13/10/2017 10/10/2017 C.1 24/05/2012 Book on Shortloan
          Riara University Library Riara University Library   24/05/2012 18   TP: DT431.W47 1984 3183/11 27/02/2017 03/02/2017 C.2 24/05/2012 Book
          Riara University Library Riara University Library   24/05/2012 15 2 TP: DT431.W47 1984 3182/11 29/03/2017 29/03/2017 C.3 24/05/2012 Book

Riara University Library,
P.O. Box 49940-00100,
Nairobi, Kenya.